Cuadernos de humanidades (Registro nro. 8613)
[ vista simple ]
| 000 -LEADER | |
|---|---|
| fixed length control field | 01485nas a2200277 454500 |
| 001 - CONTROL NUMBER | |
| control field | 26777 |
| 005 - DATE AND TIME OF LATEST TRANSACTION | |
| control field | 20260407193507.0 |
| 008 - FIXED-LENGTH DATA ELEMENTS--GENERAL INFORMATION | |
| fixed length control field | 260407s2000####ag###########|||spa#d |
| 003 - CONTROL NUMBER IDENTIFIER | |
| control field | AR-UNSa-BCEJYS |
| 040 ## - CATALOGING SOURCE | |
| Original cataloging agency | AR-UNSa-BCEJYS |
| Language of cataloging | spa |
| Transcribing agency | AR-UNSa-BCEJYS |
| 080 ## - UNIVERSAL DECIMAL CLASSIFICATION NUMBER | |
| Universal Decimal Classification number | 3 |
| Common auxiliary subdivision | Ciencias sociales. Estadística. Política. Economía. Comercio. Derecho. Gobierno. Asuntos militares. Bienestar social. Seguros. Educación. Folclore |
| 022 ## - INTERNATIONAL STANDARD SERIAL NUMBER | |
| International Standard Serial Number | 0327-8115 |
| 100 1# - MAIN ENTRY--PERSONAL NAME | |
| Personal name | Universidad Nacional de Salta. Facultad de Humanidades. Comisión de Biblioteca y Cuadernos de Humanidades |
| 245 10 - TITLE STATEMENT | |
| Title | Cuadernos de humanidades |
| 264 #1 - PRODUCTION, PUBLICATION, DISTRIBUTION, MANUFACTURE, AND COPYRIGHT NOTICE | |
| Place of production, publication, distribution, manufacture | Salta : |
| Name of producer, publisher, distributor, manufacturer | Facultad de Humanidades. Universidad Nacional de Salta |
| Date of production, publication, distribution, manufacture, or copyright notice | 2000 |
| 310 ## - CURRENT PUBLICATION FREQUENCY | |
| Current publication frequency | Freecuencia: Anual |
| 520 ## - SUMMARY, ETC. | |
| Summary, etc. | Cuadernos de Humanidades es una publicación anual de la Facultad de Humanidades de la Universidad Nacional de Salta, Argentina. Está abierta a los docentes e investigadores y sus artículos tratan con las ciencias sociales y las humanidades. Los trabajos son sujetos a la evaluación externa de un comité de expertos reconocidos en el país y en el extranjero debido a su nivel académico.<br/> |
| 590 ## - LOCAL NOTE (RLIN) | |
| Local note | niveau_biblio:s niveau_hierar:1 |
| 650 ## - SUBJECT ADDED ENTRY--TOPICAL TERM | |
| Topical term or geographic name entry element | Literatura |
| 650 ## - SUBJECT ADDED ENTRY--TOPICAL TERM | |
| Topical term or geographic name entry element | Ciencias sociales |
| 650 ## - SUBJECT ADDED ENTRY--TOPICAL TERM | |
| Topical term or geographic name entry element | Ciencias de la educación |
| 650 ## - SUBJECT ADDED ENTRY--TOPICAL TERM | |
| Topical term or geographic name entry element | Filosofía |
| 650 ## - SUBJECT ADDED ENTRY--TOPICAL TERM | |
| Topical term or geographic name entry element | Historia |
| 856 41 - ELECTRONIC LOCATION AND ACCESS | |
| Uniform Resource Identifier | <a href="https://biblioeco.unsa.edu.ar/pmb/images/revistas/Cuadernos de Humanidades n 22-23(r12925).jpg">https://biblioeco.unsa.edu.ar/pmb/images/revistas/Cuadernos de Humanidades n 22-23(r12925).jpg</a> |
| Link text | Imagen de portada |
| Electronic format type | image/jpeg |
| 942 ## - ADDED ENTRY ELEMENTS (KOHA) | |
| Koha item type | |
| Withdrawn status | Lost status | Damaged status | Not for loan | Home library | Current library | Shelving location | Date acquired | Serial enumeration / chronology | Total checkouts | Full call number | Barcode | Date last seen | Price effective from | Koha item type |
|---|---|---|---|---|---|---|---|---|---|---|---|---|---|---|
| Biblioteca Prof. Eusebio Cleto del Rey | Biblioteca Prof. Eusebio Cleto del Rey | 01/01/2015 | Nº 26/27 - ene. 2015/dic. 2016 | H3 CUA 26/27 | R22168 | 10/04/2026 | 10/04/2026 | Numero | ||||||
| Biblioteca Prof. Eusebio Cleto del Rey | Biblioteca Prof. Eusebio Cleto del Rey | 01/01/2013 | Nº 24/25 - ene./dic. 2013 | H3 CUA 24/25 | R21134 | 10/04/2026 | 10/04/2026 | Numero | ||||||
| Biblioteca Prof. Eusebio Cleto del Rey | Biblioteca Prof. Eusebio Cleto del Rey | 01/01/2011 | Nº 22/23 - ene./dic. 2011/12 | H3 CUA 22/23 | R12925 | 10/04/2026 | 10/04/2026 | Numero | ||||||
| Biblioteca Prof. Eusebio Cleto del Rey | Biblioteca Prof. Eusebio Cleto del Rey | 01/01/2000 | Nº 12 - ene./dic. 2000 | H3 CUA 12 | R12945 | 10/04/2026 | 10/04/2026 | Numero |